000 00570nam a22002057a 4500
999 _c2742
_d2742
003 URS
005 20220114142247.0
008 191023s1990 a|||| |||| 00| 0 eng d
020 _a9713700406
040 _cURS
_beng
_drda
050 1 4 _aQA 76.8
_b.P523 1990
100 _aAfaffenberger, Bryan
245 1 0 _aUsing microsoft word 5.5 ibm version
_cBryan Afaffenberger
250 _aSecond edition
260 _bQue Corporation;
_c[1990]
300 _axxxi, 701 page:
_bwith illustration;
_c21 cm.
504 _aIncludes index.
650 _aComputers
942 _2lcc
_cFR